000 00731nmc a2200265 a 4500
003 AR-BaBNM
005 20251128211603.0
008 154120s2001 ||||||||||||||000 | spa||
020 _a84-493-1098-9
040 _cAR-BaBNM
100 1 _aEscámez Sánchez, Juan
245 1 0 _aLa educación en la responsabilidad
260 _aBarcelona
_bPaidós
_c2001
300 _a153 p.
490 0 _aPapeles de pedagogía
_vv. 52
504 _aContiene referencias bibliográficas en p. 151-153
650 4 _aRESPONSABILIDAD
650 4 _aSOLIDARIDAD
650 4 _aACTIVIDADES
653 _aEDUCACION EN VALORES
653 _aFORMACION DEL CIUDADANO
700 1 _aGil Martínez, Ramón
942 _cBK
998 _cme-solo cat
999 _c20320
_d20320